000 00620nam a2200133Ia 4500
008 220615s9999||||xx |||||||||||||| ||und||
022 _a16648714
100 _aKatherine M. Pappas||Ed Louis||Shane Yang||Nigel Minton||Biswarup Mukhopadhyay
245 0 _aGenetic and Genome-Wide Insights into Microbes Studied for Bioenergy
546 _aEnglish[eng]
650 _aMetabolic Engineering||metabolic modeling||bioenergy||Comparative genomics||Biofuels||lignocellulolysis||tran
856 _uhttp://journal.frontiersin.org/researchtopic/1807/genetic-and-genome-wide-insights-into-microbes-studied-for-bioenergy
942 _cEB
999 _c9031
_d9031